000 00548nam a2200205Ii 4500
003 JO-AjNU
008 230606s9999||||xx |||||||||||||| ||und||
040 _aJO-AjNU
_beng
_erda
_cJO-AjNU
041 _aeng
050 1 4 _aQA76.73.2007
100 3 _aSingh,GURMEET,
_eauthor
_9254
245 0 0 _aASP.Net.2,0 Projects
250 _a1 ed
264 3 1 _aNEW DELH:khanna Book,2007
300 _a322p
336 _atext
_btxt
_2rdacontent
337 _aunmediated
_bn
_2rdamedia
338 _avolume
_bnc
_2rdacarrier
650 4 _aASP.Net.2,0 Projects
_9255
999 _aE133
_c133
_d133